000 00969nas a2200325 4500
001 BR2011000295
003 BR-BrBNA
005 20231205114412.0
007 ta
008 230509b bl.|||p| |||| 00| 00por d
040 _aBR-BrBNA
_bpor
_cBiblioteca Nacional de Agricultura
041 _a(Pt)
072 _aF02
100 1 _aGomes, W. de A.
100 1 _aMendonça, R.M.N.
100 1 _aSouza, E.P. de
100 1 _aEstrela, M.A.
100 1 _aMelo, V. e S.
100 1 _aSilva, S. de M.
100 1 _aSouza, A.P. de
245 1 _aGarfagem e diâmetro de porta-enxerto na obtenção de mudas de umbuzeiro do acesso laranja
650 _aUMBU
650 _aGARFAGEM
650 _aENXERTO
650 _aMATERIAL DE PROPAGAÇÃO
650 _aBROTAÇÃO
773 0 _tRevista Brasileira de Fruticultura (Brazil)
_xISSN 0100-2945
_g(Sep 2010), v. 32(3) p. 952-959
_wBR2011000295
909 _a202311
_bLúcia
_c55
_dLúcia Elande
942 _2AGRIS
_n0
_cANA
999 _c208597
_d208597